Sports Quiz

Random Sports or Clickable Quiz

NBA All-Star or No-Star Quiz Stats

 Plays Quiz Updated Feb 19, 2017

Support Sporcle.
Go Orange.
Score 0/20 Timer 04:00
13 Plays Today
% Correct
Charles Oakley
75.3%
Andrei Kirilenko
73.2%
Nick Van Exel
70%
Vlade Divac
69.9%
Antonio Davis
68.7%
Shareef Abdur-Rahim
67.7%
Sam Cassell
65.8%
Antonio McDyess
64.2%
Jamal Mashburn
61.4%
Christian Laettner
61.3%
% Correct
Mark Jackson
60%
Steve Smith
55%
Kenny Anderson
54%
Wally Szczerbiak
52.2%
Anthony Mason
50%
Kevin Willis
45.2%
Dale Davis
38.6%
Theo Ratliff
36.6%
Tom Gugliotta
33.6%
Tyrone Hill
31.3%

You're not logged in!

Compare scores with friends on all Sporcle quizzes.
OR
Log In
Forgot?

From the Vault

'L' Food Pictures

by THEJMAN

The letter L kind of looks like a chair. Just take a seat and imagine eating these tasty treats.
Remove Ads.
Support Sporcle.
Get the best of Sporcle when you Go Orange. This ad-free experience offers more features, more stats, and more fun while also helping to support Sporcle. Thank you for becoming a member.

Show Comments

Extras

Top Quizzes Today


Score Distribution

Your Account Isn't Verified!

In order to create a playlist on Sporcle, you need to verify the email address you used during registration. Go to your Sporcle Settings to finish the process.

Report this User

Report this user for behavior that violates our Community Guidelines.

Details: